Classement du Ballon d'or 2006 - Statistiques

Statistiques générales
  • Ce quiz a été pris 230 fois
  • Le résultat moyen est 18 sur 26
Statistiques - réponses
Classement Joueur Club du joueur Nationalité % Correct
5 Zinédine Zidane Real Madrid / Retraite France
96%
3 Thierry Henry Arsenal FC France
95%
1 Fabio Cannavaro Juventus FC / Real Madrid Italie
94%
14 Cristiano Ronaldo Manchester United Portugal
93%
4 Ronaldinho FC Barcelone Brésil
93%
6 Samuel Eto'o FC Barcelone Cameroun
93%
8 Didier Drogba Chelsea FC Côte d'ivoire
92%
2 Gianluigi Buffon Juventus FC Italie
86%
21 Lionel Messi FC Barcelone Argentine
84%
20 Juninho Olympique Lyonnais Brésil
80%
17 Frank Lampard Chelsea FC Angleterre
77%
9 Andrea Pirlo AC Milan Italie
74%
13 Franck Ribéry Olympique de Marseille France
72%
11 Deco FC Barcelone Portugal
71%
12 Kaka AC Milan Brésil
71%
19 Carles Puyol FC Barcelone Espagne
65%
22 John Terry Chelsea FC Angleterre
59%
7 Miroslav Klose Werder Brême Allemagne
58%
25 Philipp Lahm Bayern Munich Allemagne
53%
26 David Villa Valence CF Espagne
52%
15 Gennaro Gattuso AC Milan Italie
51%
16 Patrick Vieira Juventus FC / Inter Milan France
50%
10 Jens Lehmann Arsenal FC Allemagne
36%
24 Gianluca Zambrotta Juventus FC / FC Barcelone Italie
33%
23 Luca Toni ACF Fiorentina Italie
32%
18 Lukas Podolski FC Cologne / Bayern Munich Allemagne
29%
Aucun quiz correspondant
Distribution des résultats
% des personnes avec chaque résultat
Percentile par nombre de réponses
Votre historique - résultats
Vous n’avez pas pris ce quiz